Datum a čas kvízu
27.5
Celkem bodů
Celkový počet nahraných bodů na tomto kvízu bez doplňovacích otázek.
3.
Pořadí na kvízu
Konečné umístění týmu na tomto kvízu.
Zaznamenané odpovědi
| # | Otázka | Odpověď | Body | Výsledky |
|---|---|---|---|---|
| 1. | Který 63letý muž se ve čtvrtek... | Jiří Kajínek | 1 | |
| 2. | Které tři evropské země uznaly... | Norsko, Španělsko, Irsko | 1 | |
| 3. | Jak se nazývá literární festiv... | Svět knihy | 0 | |
| 4. | Vermontská státní univerzita u... | kočkou (kocourem) | 0 | |
| 5. | Jak se jmenuje 23letý český te... | Tomáš Macháč | 1 | |
| 6. | Středověk bývá obvykle ohranič... | D | 1 | |
| 7. | Jak se jmenoval významný střed... | Vilém I. Dobyvatel | 1 | |
| 8. | Kdo byl zakladatelem a prvním... | Bořivoj | 0 | |
| 9. | Vytvořte z těchto středověkých... | 1C 2B 3D 4A | 0 | |
| 10. | Závěrem tématu se podíváme na... | šlojíř, šlář | 0 |